| 000 | 00448aam a2200169 4500 | ||
|---|---|---|---|
| 005 | 20170210155019.0 | ||
| 008 | 150729b xxu||||| |||| 00| 0 spa d | ||
| 041 | _aspa | ||
| 082 | _a005.133 Z21i | ||
| 100 |
_aZaks, Rodnay _939685 |
||
| 245 | _aIntroducción al pascal (incluye pascal UCSD) | ||
| 260 |
_aMéxico _bMarcombo _c1986 |
||
| 300 | _a365 páginas | ||
| 650 |
_aLENGUAJES DE PROGRAMACIÓN _9372 |
||
| 650 |
_aPASCAL _912206 |
||
| 942 | _cBK | ||
| 999 |
_c7012 _d7012 |
||